[Event "GER Seniors Derby 16th"]
[Site "Wesel Undeloh"]
[Date "2017.03.16"]
[Round "1"]
[White "Paul, Ernst"]
[Black "Leppert, Hans Juergen"]
[Result "0-1"]
[WhiteElo "1486"]
[BlackElo "1788"]
[PlyCount "90"]
[EventDate "2017.03.16"]
[EventType "swiss"]
[EventRounds "7"]
[EventCountry "GER"]
[SourceTitle "EXT 2019"]
[Source "ChessBase"]
[SourceDate "2018.10.10"]
[SourceVersion "1"]
[SourceVersionDate "2018.10.10"]
[SourceQuality "1"]

1. c4 e6 2. g3 f5 3. Bg2 Nf6 4. Nc3 Be7 5. e3 0-0 6. Nge2 d5 7. b3 c6 8. d4 Na6 9. 0-0 Bd7 10. a3 Be8 11. Nf4 Nc7 12. cxd5 exd5 13. Bd2 Bd6 14. Nce2 Qe7 15. a4 Na6 16. Nd3 Bh5 17. Qe1 Ne4 18. Nef4 Nxd2 19. Qxd2 Bf7 20. Rab1 Nb4 21. Rfc1 Rfe8 22. Nxb4 Bxb4 23. Qe2 Qf6 24. Bf3 Bd6 25. Nd3 g5 26. Bh5 Re4 27. Bxf7+ Qxf7 28. Nc5 Bxc5 29. Rxc5 Rae8 30. Rc3 Rxd4 31. Qf1 Rb4 32. Rd3 Re6 33. Qc1 a5 34. Qd2 Qh5 35. Kg2 Rh6 36. Rh1 Qh3+ 37. Kg1 Qg4 38. Kg2 Qh3+ 39. Kg1 g4 40. Qe2 Qh5 41. Kg2 Qe8 42. f3 Re6 43. h3 Qg6 44. f4 gxh3+ 45. Kxh3 Rxf4 0-1